00691nam a2200169Ia 4500008004100000100001800041245015200059245006600211260003900277260000900316300001200325650001800337650001500355856005900370999001900429952007300448170221s9999 xx 000 0 und d aG. L. Forward a“Children of a Lesser God:” The Effects of Communication and Interaction Patterns on Student Spiritual Identity at a Church-Related University  cG. L. Forward, Jenay Moore, Megan Richardson, Marie Shimansky bStudies in Media and Communication c2014 a34 : 17 xCommunication xMedia Arts uhttp://redfame.com/journal/index.php/smc/issue/view/15 c310949d310949 001040aCLbCLd2017-02-21l0r2017-02-21 00:00:00w2017-02-21yFOJ